| 000 | 00490nam a2200181Ia 4500 | ||
|---|---|---|---|
| 008 | 170705s9999 xx 000 0 und d | ||
| 020 | _a9780746060155 | ||
| 245 | 4 | _aThe adventures of Sinbad the sailor / | |
| 245 | _cKatie Daynes ; illustrated by Paddy Mounter. | ||
| 260 | _aNew York : | ||
| 260 | _bUsborne Publishing Ltd., | ||
| 260 | _c2007 | ||
| 300 | _a48 pages : | ||
| 300 | _bcolor illustration ; | ||
| 300 | _c20cm. | ||
| 440 | _aUsbourne young reading. | ||
| 500 | _a600 | ||
| 999 |
_c336065 _d336065 |
||